000 01213namaa22003131i 4500
005 20260701121223.0
008 260701s1994 ua a|||frm||| 000 0 eng d
040 _aEG-GICUC
_beng
_cEG-GICUC
_dEG-GICUC
_erda
041 0 _aeng
_beng
_bara
049 _aDeposite
097 _aM.Sc
099 _aCai01.11.01.M.Sc.1994.Na.C.
100 0 _aNasser Ahmed Fadel,
_epreparation.
245 1 0 _aCapnometry And Anaesthesia /
_cBy Nasser Ahmed Fadel; Supervised By Prof.Dr. Mohamed Salah EL-Khatib, Dr. Maher Fawzi Mahmoud.
246 1 5 _aقياس ثاني أكسيد الكربون والتخدير /
264 0 _c1994.
300 _a97 pages :
_billustrations ;
_c30 cm. +
336 _2rda content
_atext
337 _2rdamedia
_aUnmediated
338 _2rdacarrier
_avolume
502 _aThesis (M.Sc.) -Cairo University, 1994.
504 _aBibliography: pages 80-970.
653 0 _aAnaesthesiolgy
700 0 _aMohamed Salah EL-Khatib
_ethesis advisor.
700 0 _aMaher Fawzi Mahmoud
_ethesis advisor.
900 _DDepartment of Anaesthesia
_FFaculty of Medicine
_UCairo University
_b1994
_cMohamed Salah EL-Khatib
_cMaher Fawzi Mahmoud
905 _aEman El gebaly
942 _2ddc
_cTH
_e21
_n0
999 _c180672